| 000 | 00930cam a2200301 a 4500 | ||
|---|---|---|---|
| 003 | CHAP | ||
| 005 | 20220329142124.0 | ||
| 008 | 990823d1996 mx a r 00010 spa d | ||
| 010 | _a78787 | ||
| 011 | _a79759 | ||
| 020 | _a8429150048 | ||
| 035 | _a90163 | ||
| 040 | _cCHAP | ||
| 082 | 0 | 4 |
_a517.5 _bA6Y 1995 |
| 100 | 0 | 0 |
_aApostol, Tom M. _96334 |
| 245 | 1 | 0 |
_aAnálisis matemático _c/por Tom M. Apostol |
| 260 |
_aBarcelona : _bReverté, _c1996. |
||
| 300 |
_a596 p. : _bilus. ; gráfs. |
||
| 500 | _aTrad. de : Mathematical analysis. 2 ed. 1995? | ||
| 590 |
_aBATCH-UPD _b10 _c20130110 _lUCH01 _h2037 |
||
| 590 |
_aBATCH-UPD _b10 _c20130410 _lUCH01 _h1352 |
||
| 590 |
_aCONVERSION _b10 _c20130109 _lUCH01 _h1344 |
||
| 650 | 1 | 4 |
_aAnalisis matematico. _95988 |
| 901 | _aBK | ||
| 905 | _aBlanca M. García O. | ||
| 942 | _cLIBRO | ||
| 949 |
_a517.5 A6Y 1995 _bBC _cLIBRO _d33724000982641 _eLIBRO _g1. 199012 _h96184 _i90163 _si _t$449.00 |
||
| 999 |
_c78787 _d78787 |
||